Random Type Combo to Pokémon - Statistics

General Stats
  • This quiz has been taken 488 times
    203 since last reset
  • The average score is 22 of 30
Answer Stats
Type Combo Pokémon % Correct
Pure Bug Caterpie | Metapod | Pinsir | Pineco | + 21 others
100%
Bug/Psychic Dottler | Orbeetle | Rabsca
100%
Normal/Flying Pidgey | Pidgeotto | Pidgeot | Spearow | Fearow | + 22 others
100%
Pure Fighting Mankey | Primeape | Machop | Machoke | Machamp | + 26 others
96%
Water/Ice Dewgong | Cloyster | Lapras | Spheal | Sealeo | Walrein | Arctovish | Iron Bundle
95%
Pure Poison Ekans | Arbok | Nidoran | Nidorina | Nidorino | + 13 others
95%
Bug/Steel Forretress | Scizor | Wormadam (Trash Cloak) | Escavalier | Durant | Genesect
95%
Flying/Grass Hoppip | Skiploom | Jumpluff | Tropius | Shaymin (Sky Forme) | Rowlet | Dartrix
95%
Pure Steel Meowth (Galarian) | Aggron (Mega) | Registeel | Klink | Klang | Klinklang | + 8 others
95%
Bug/Poison Weedle | Kakuna | Beedrill | Venonat | Venomoth | + 7 others
95%
Pure Normal Rattata | Raticate | Meowth | Persian | + 71 others
94%
Pure Ground Sandshrew | Sandslash | Diglett | Dugtrio | + 15 others
94%
Grass/Ice Snover | Abomasnow
94%
Dragon/Ground Vibrava | Flygon | Gible | Gabite | Garchomp | Zygarde
94%
Dragon/Flying Dragonite | Altaria | Salamence | Rayquaza | Noibat | Noivern
93%
Pure Dark Meowth (Alolan) | Persian (Alolan) | Umbreon | + 14 others
92%
Ghost/Poison Gastly | Haunter | Gengar | Pecharunt
91%
Pure Water Squirtle | Wartortle | Blastoise | Psyduck | Golduck | + 72 others
91%
Electric/Water Chinchou | Lanturn | Rotom (Wash)
90%
Flying/Water Gyarados | Mantine | Wingull | Pelipper | Mantyke | Ducklett | Swanna | Cramorant
90%
Bug/Electric Joltik | Galvantula | Charjabug | Vikavolt
90%
Psychic/Flying Natu | Xatu | Lugia | Woobat | Swoobat | Sigilyph | Oricorio (Pa'u) | + 2 others
90%
Pure Electric Pikachu | Raichu | Voltorb | Electrode | + 33 others
90%
Dragon/Electric Ampharos (Mega) | Zekrom | Dracozolt | Miraidon | Raging Bolt
89%
Bug/Flying Butterfree | Scyther | Pinsir (Mega) | Ledyba | Ledian | + 9 others
89%
Pure Fire Charmander | Charmeleon | Vulpix | Ninetales | + 35 others
89%
Dragon/Ice Kyurem | Frigibax | Arctibax | Baxcalibur
89%
Grass/Water Lotad | Lombre | Ludicolo | Ogerpon (Wellspring Mask)
89%
Ghost/Grass Phantump | Trevenant | Pumpkaboo | Gourgeist | Decidueye | Dhelmise | + 4 others
89%
Flying/Ice Articuno | Delibird
88%
Fire/Fighting Combusken | Blaziken | Monferno | Infernape | Pignite | Emboar
88%
Pure Dragon Dratini | Dragonair | Bagon | Shelgon | + 10 others
88%
Pure Ghost Misdreavus | Corsola (Galarian) | Shuppet | Banette | + 15 others
88%
Pure Psychic Abra | Kadabra | Alakazam | Ponyta (Galarian) | Slowpoke (Galarian) | + 42 others
87%
Ground/Rock Geodude | Graveler | Golem | Onix | Rhyhorn | Rhydon | Larvitar | Pupitar | Rhyperior
87%
Fire/Ghost Marowak (Alolan) | Litwick | Lampent | Chandelure | Blacephalon | + 3 others
87%
Ghost/Fighting Marshadow | Annihilape
87%
Flying/Rock Aerodactyl | Archen | Archeops | Minior
86%
Dragon/Poison Dragalge | Naganadel | Eternatus
86%
Ghost/Water Frillish | Jellicent | Basculegion
86%
Bug/Fire Larvesta | Volcarona | Sizzlipede | Centiskorch
86%
Fire/Psychic Victini | Delphox | Darmanitan (Zen Mode) | Armarouge
86%
Dragon/Fire Charizard (Mega X) | Reshiram | Turtonator | Gouging Fire
85%
Fighting/Ice Crabominable
85%
Fairy/Ice Ninetales (Alolan)
85%
Grass/Fire Scovillain | Ogerpon (Hearthflame Mask)
85%
Psychic/Water Slowpoke | Slowbro | Starmie | Slowking | Bruxish | Veluza
85%
Bug/Ice Snom | Frosmoth
85%
Pure Grass Tangela | Chickorita | Bayleef | Meganium | + 45 others
85%
Bug/Fairy Cutiefly | Ribombee
84%
Ghost/Ice Froslass
84%
Ghost/Steel Honedge | Doublade | Aegislash | Gholdengo
84%
Bug/Grass Paras | Parasect | Wormadam | Sewaddle | Swadloon | Leavanny
84%
Pure Ice Vulpix (Alolan) | Castform | Snorunt | Glalie | Regice | Glaceon | + 16 others
84%
Electric/Flying Zapdos | Rotom (Fan) | Emolga | Thundurus | Oricorio (Pom-Pom) | Wattrel | Kilowattrel
84%
Fairy/Rock Carbink | Diancie
83%
Fire/Flying Charizard | Moltres | Ho-oh | Fletchinder | Talonflame | Oricorio (Baile)
83%
Dragon/Ghost Giratina | Dreepy | Drakloak | Dragapult
83%
Dragon/Water Kingdra | Palkia | Dracovish | Tatsugiri | Walking Wake
83%
Fire/Dark Houndour | Houndoom | Incineroar | Chi-Yu
82%
Fire/Rock Magcargo | Carkol | Coalossal | Growlithe (Hisuian) | Arcanine (Hisuian)
82%
Dark/Flying Murkrow | Honchkrow | Vullaby | Mandibuzz | Yveltal | Moltres (Galarian) | + 2 others
82%
Bug/Rock Shuckle | Anorith | Armaldo | Dwebble | Crustle | Kleavor
82%
Pure Rock Sudowoodo | Nosepass | Regirock | + 16 others
82%
Fighting/Flying Hawlucha | Zapdos (Galarian) | Flamigo
79%
Psychic/Fighting Mewtwo (Mega X) | Meditite | Medicham | Gallade
79%
Fire/Ground Numel | Camerupt | Groudon (Primal)
79%
Ground/Dark Sandile | Krokorok | Krookodile | Ting-Lu
79%
Bug/Ghost Shedinja
79%
Water/Poison Tentacool | Tentacruel | Qwilfish | Skrelp | Mareanie | Toxapex
79%
Pure Fairy Clefairy | Clefable | Cleffa | Togepi | Snubbull | Granbull | + 17 others
78%
Fighting/Poison Croagunk | Toxicroak | Sneasel (Hisuian) | Sneasler | Okidogi
78%
Dragon/Dark Deino | Zweilous | Hydreigon | Guzzlord | Roaring Moon
78%
Normal/Dragon Drampa | Cyclizar
78%
Ghost/Flying Drifloon | Drifblim | Oricorio (Sensu)
78%
Dark/Poison Grimer (Alolan) | Muk (Alolan) | Stunky | Skuntank | Drapion | Qwilfish (Hisuian) | Overqwil
78%
Fairy/Psychic Rapidash (Galarian) | Mr. Mime | Ralts | Kirlia | Gardevoir | Mime Jr. | Tapu Lele | + 2 others
78%
Steel/Flying Skarmory | Celesteela | Corviknight
78%
Ghost/Ground Yamask (Galarian) | Golett | Golurk | Sandygast | Palossand | Runerigus
78%
Steel/Grass Ferroseed | Ferrothorn | Kartana
77%
Normal/Fairy Jigglypuff | Wigglytuff | Igglybuff | Azurill | Audino (Mega)
77%
Ghost/Dark Sableye | Spiritomb
77%
Ground/Water Wooper | Quagsire | Marshtomp | Swampert | Barboach | Whiscash | + 3 others
77%
Grass/Poison Bulbasaur | Ivysaur | Venusaur | Oddish | Gloom | Vileplume | + 8 others
76%
Dragon/Steel Dialga | Duraludon | Sliggoo (Hisuian) | Goodra (Hisuian) | Archaludon
76%
Flying/Poison Zubat | Golbat | Crobat
76%
Rock/Grass Lileep | Cradily | Ogerpon (Cornerstone Mask)
75%
Ground/Electric Stunfisk | Sandy Shocks
75%
Psychic/Steel Beldum | Metang | Metagross | Jirachi | Bronzor | Bronzong | Solgaleo | Iron Crown
74%
Ground/Steel Diglett (Alolan) | Dugtrio (Alolan) | Steelix | Excadrill | Stunfisk (Galarian) | Iron Treads
74%
Steel/Water Empoleon
74%
Dark/Water Gyarados (Mega) | Carvanha | Sharpedo | Crawdaunt | Greninja | Samurott (Hisuian)
74%
Steel/Electric Magnemite | Magneton | Magnezone | Togedemaru
74%
Rock/Water Omanyte | Omastar | Kabuto | Kabutops | Corsola | Relicanth | + 5 others
74%
Fairy/Water Marill | Azumarill | Primarina | Tapu Fini
73%
Fire/Poison Salandit | Salazzle | Iron Moth
73%
Dark/Ice Sneasel | Weavile | Chien-Pao
72%
Psychic/Rock Lunatone | Solrock | Iron Boulder
71%
Psychic/Ice Mr. Mime (Galarian) | Jynx | Smoochum | Mr. Rime | Calyrex (Ice Rider)
71%
Bug/Ground Nincada | Wormadam (Sandy Cloak)
71%
Dark/Grass Nuzleaf | Shiftry | Cacturne | Meowscarada | Brute Bonnet | Wo-Chien
71%
Bug/Water Surskit | Dewpider | Araquanid | Wimpod | Golisopod
71%
Fire/Water Volcanion
71%
Fairy/Grass Cottonee | Whimsicott | Morelull | Shiinotic | Tapu Bulu
70%
Fire/Steel Heatran
70%
Bug/Fighting Heracross | Buzzwole | Pheromosa | Slither Wing
70%
Fighting/Water Poliwrath | Keldeo | Urshifu (Rapid Strike) | Quaquaval
70%
Psychic/Dark Inkay | Malamar | Hoopa (Unbound)
69%
Dragon/Grass Sceptile (Mega) | Exeggutor (Alolan) | Applin | Flapple | Appletun | Dipplin | Hydrapple
69%
Normal/Fire Litleo | Pyroar
68%
Electric/Psychic Raichu (Alolan)
68%
Ghost/Electric Rotom
68%
Ice/Rock Amaura | Aurorus | Avalugg (Hisuian)
67%
Pure Flying Arceus | Tornadus | Silvally | Rookidee | Corvisquire
67%
Normal/Water Bibarel
67%
Fighting/Grass Breloom | Virizion | Chesnaught | Decidueye (Hisuian) | Lilligant (Hisuian)
67%
Normal/Grass Deerling | Sawsbuck | Smoliv | Dolliv | Arboliva
67%
Fairy/Dark Impidimp | Morgrem | Grimmsnarl
67%
Dragon/Psychic Latias | Latios | Necrozma (Ultra)
67%
Steel/Dark Pawniard | Bisharp | Kingambit
67%
Normal/Ghost Zorua (Hisuian) | Zoroark (Hisuian)
67%
Fairy/Ghost Mimikyu | Flutter Mane
65%
Dragon/Rock Tyrunt | Tyrantrum
65%
Electric/Rock Geodude (Alolan) | Graveler (Alolan) | Golem (Alolan) | Iron Thorns
64%
Normal/Electric Helioptile | Heliolisk
64%
Ghost/Psychic Hoopa | Lunala | Necrozma (Dawn Wings) | Calyrex (Shadow Rider)
64%
Ground/Poison Nidoqueen | Nidoking | Clodsire
64%
Electric/Fighting Iron Hands | Pawmo | Pawmot
63%
Fairy/Steel Mawile | Klefki | Magearna | Zacian (Crowned Sword) | Tinkatink | Tinkatuff | Tinkaton
63%
Fire/Electric Rotom (Heat)
63%
Electric/Poison Toxel | Toxtricity
63%
Steel/Rock Aron | Lairon | Aggron | Shieldon | Bastiodon | Probopass | Stakataka
62%
Fairy/Electric Dedenne | Tapu Koko
62%
Electric/Ice Rotom (Frost) | Arctozolt
61%
Ground/Ice Swinub | Piloswine | Mamoswine
61%
Fairy/Flying Togetic | Togekiss | Enamorus
61%
Ground/Flying Gligar | Gliscor | Landorus
60%
Bug/Dark Lokix
59%
Electric/Grass Rotom (Mow) | Voltorb (Hisuian) | Electrode (Hisuian)
59%
Dark/Fighting Scraggy | Scrafty | Pangoro | Urshifu (Single Strike)
59%
Dark/Electric Morpeko
58%
Ice/Steel Sandshrew (Alolan) | Sandslash (Alolan)
58%
Dark/Rock Tyranitar
58%
Fairy/Poison Weezing (Galarian)
58%
Psychic/Grass Exeggute | Exeggutor | Celebi | Calyrex | Iron Leaves
57%
Steel/Fighting Lucario | Cobalion | Zamazenta (Crowned Shield)
57%
Dragon/Fairy Altaria (Mega)
56%
Dragon/Fighting Hakamo-o | Kommo-o | Koraidon
56%
Normal/Ground Diggersby | Ursaluna
54%
Ground/Psychic Baltoy | Claydol
53%
Fire/Ice Darmanitan (Galarian Zen Mode)
53%
Normal/Dark Rattata (Alolan) | Raticate (Alolan) | + 3 others
53%
Fairy/Poison Fezandipiti
50%
Normal/Psychic Girafarig | Meloetta | Oranguru | Indeedee | Wyrdeer | Farigiraf
50%
Rock/Poison Nihilego | Glimmet | Glimmora
50%
Ground/Grass Torterra | Toedscool | Toedscruel
50%
Normal/Fighting Lopunny (Mega) | Meloetta (Pirouette) | Stufful | Bewear
45%
Fighting/Rock Terrakion
44%
Steel/Poison Varoom | Revavroom
44%
Psychic/Poison Slowbro (Galarian) | Slowking (Galarian) | Munkidori
43%
Normal/Poison Shroodle | Grafaiai
42%
Fairy/Fighting Iron Valiant
36%
Ground/Fighting Great Tusk
21%
No matching quizzes found
Score Distribution
Percent of People with Each Score
Percentile by Number Answered
Your Score History
You have not taken this quiz since the last reset